Introducción al ajedrez escolar /
Guardado en:
| Autor Principal: | |
|---|---|
| Formato: | Libro |
| Publicado: |
Buenos Aires :
Novedades Educativas,
1999
|
| Materias: | |
| Etiquetas: |
Agregar Etiqueta
Sin Etiquetas, Sea el primero en etiquetar este registro!
|
| LEADER | 00465nam a22001695a 4500 | ||
|---|---|---|---|
| 001 | CEM.cems010169 | ||
| 005 | 20060214000000.0 | ||
| 008 | 130507s1999##################000#0#####d | ||
| 003 | CEMS | ||
| 082 | 0 | 4 | |a 794.1 |
| 100 | 1 | |a Soutullo, Miguel | |
| 245 | 1 | 0 | |a Introducción al ajedrez escolar / |
| 260 | |a Buenos Aires : |b Novedades Educativas, |c 1999 | ||
| 300 | |a 59 p. | ||
| 653 | |a Ajedrez | ||
| 653 | |a Educacion | ||
| 859 | |a CEMS |b BIB. CEMS - 11 de abril |h 794.1 |i So86 |p 20638.99 |t Ej.1 | ||
